000 00540nam a2200205Ia 4500
005 20250508165354.0
008 008 250505s9999 xx 000 0 hin d
020 _a978-81-89976-54-5
037 _aTextBook
040 _aFEDL
_beng
_cFEDL
041 _ahin
_2hin
084 _a153.15, HOL/R
_qFEDL
100 _aHolt John
245 0 _aBachche asafal kaise hote hain
260 _aBhopal, India
_bEklavya
_c1993
300 _a283p.
365 _aINR
_b100
942 _cTB
_h153.15, HOL/R
999 _c1394732
_d1394732